| 000 | 00527nam a2200193Ia 4500 | ||
|---|---|---|---|
| 005 | 20140403141724.0 | ||
| 008 | 140130s9999 xx 000 0 und d | ||
| 020 | _a0590265849 | ||
| 050 |
_aPZ 7 _b.K55964Sh 1995 |
||
| 100 |
_aKim, Grace _931188 |
||
| 245 |
_cKim, Grace _aShe sells seashells a tounge twister story (w/cd) / |
||
| 260 |
_bScholastic, _c1995. _aNew York : |
||
| 300 |
_a1 v. (unpaged) : _bcol. ill. ; _c23 cm. |
||
| 440 |
_v1 _931174 |
||
| 521 | _aG3 | ||
| 526 | _c540 | ||
| 942 |
_cBK _2lcc |
||
| 999 |
_c41687 _d41687 |
||